OPAC Home

පටිච්ච සමුප්පාද විවරණය (Record no. 150344)

MARC details
000 -LEADER
fixed length control field 00680nam a22001937a 4500
003 - CONTROL NUMBER IDENTIFIER
control field LK-CoDNM
005 - DATE AND TIME OF LATEST TRANSACTION
control field 20241202115119.0
008 - FIXED-LENGTH DATA ELEMENTS--GENERAL INFORMATION
fixed length control field 240902b |||||||| |||| 00| 0 eng d
040 ## - CATALOGING SOURCE
Original cataloging agency LK-CoDNM
Modifying agency LK-CoDNM
Description conventions LK-CoDNM
041 ## - LANGUAGE CODE
Language code of text/sound track or separate title Sinhala; Sinhalese
080 ## - UNIVERSAL DECIMAL CLASSIFICATION NUMBER
Universal Decimal Classification number 294.32
Item number CHA
942 ## - ADDED ENTRY ELEMENTS (KOHA)
Koha item type Books
100 ## - MAIN ENTRY--PERSONAL NAME
Personal name රේරුකානෙ චන්දවිමල හිමි
245 ## - TITLE STATEMENT
Title පටිච්ච සමුප්පාද විවරණය
250 ## - EDITION STATEMENT
Edition statement නිර්වාණ විස්තරයකින් යුක්තයි
260 ## - PUBLICATION, DISTRIBUTION, ETC. (IMPRINT)
Place of publication, distribution, etc. මරදාන
Name of publisher, distributor, etc. අනුල මුද්‍රණාලය
Date of publication, distribution, etc. 195ඉ7
300 ## - PHYSICAL DESCRIPTION
Other physical details 298p. ; 21 cm
650 ## - SUBJECT ADDED ENTRY--TOPICAL TERM
Topical term or geographic name as entry element බුදු දහම
Holdings
Withdrawn status Lost status Damaged status Not for loan Collection code Permanent Location Current Location Shelving location Date acquired Full call number Barcode Koha item type
    Damaged   Old Books Collection Library National Museum Colombo - Sri Lanka Library National Museum Colombo - Sri Lanka Reference 2024-12-02 294.32 CHA OB9503 Books
Copyright © 2023 Department of National Museum, Colombo 07, Sri Lanka Funded by UNESCO IFAP UNESCO